[Event "M.Chigorin Memorial 2014"]
[Site "St. Petersburg"]
[Date "2014.10.24"]
[Round "7.75"]
[White "Ovod, Evgenija"]
[Black "Selivanov, Ivan"]
[Result "1-0"]
[WhiteElo "2325"]
[BlackElo "2000"]
[PlyCount "83"]
[EventDate "2014.10.18"]

1. d4 Nf6 2. Bg5 e6 3. e4 h6 4. Bxf6 Qxf6 5. Nc3 d6 6. Qd2 a6 7. f4 g5 8. Nge2
gxf4 9. Qxf4 Qxf4 10. Nxf4 Bg7 11. O-O-O Nc6 12. Nce2 h5 13. c3 b5 14. h4 Bb7
15. Kc2 e5 16. Nd5 O-O-O 17. Ng3 Rde8 18. Nf5 Bf8 19. Bd3 Ne7 20. Ndxe7+ Bxe7
21. d5 c6 22. c4 Kd7 23. dxc6+ Kxc6 24. cxb5+ axb5 25. Be2 Kc5 26. Bf3 d5 27.
exd5 e4 28. Bxe4 Bf6 29. Bf3 Re5 30. Ng3 Be7 31. Ne4+ Kb6 32. Nf2 Rd8 33. Nd3
Rexd5 34. Bxd5 Bxd5 35. Nf4 Rc8+ 36. Kb1 Be4+ 37. Ka1 Bf8 38. Rhe1 f5 39. Re2
b4 40. Nxh5 Bc2 41. Rde1 b3 42. Re8 1-0

[Event "M.Chigorin Memorial 2014"]
[Site "St. Petersburg"]
[Date "2014.10.24"]
[Round "7.76"]
[White "Airapetian, Gor"]
[Black "Grinblat, Artemiy"]
[Result "1-0"]
[WhiteElo "2502"]
[BlackElo "2100"]
[PlyCount "77"]
[EventDate "2014.10.18"]

1. e4 e6 2. d4 d5 3. Nc3 Nf6 4. e5 Nfd7 5. f4 c5 6. Nf3 Nc6 7. Be3 a6 8. Qd2 b5
9. a3 Qb6 10. Ne2 b4 11. axb4 Qxb4 12. c3 Qb7 13. Ng3 cxd4 14. Nxd4 Nxd4 15.
Bxd4 Nc5 16. Rb1 Nb3 17. Qe3 Nxd4 18. cxd4 Bb4+ 19. Kf2 g6 20. Bd3 Bd7 21. h4
Bb5 22. h5 O-O 23. Bxb5 Qxb5 24. Ne2 Rac8 25. Rbc1 Rxc1 26. Rxc1 Rb8 27. g4 Be7
28. Rc2 gxh5 29. gxh5 Kh8 30. f5 Bh4+ 31. Kg2 Rg8+ 32. Kh3 Bg5 33. Qf3 exf5 34.
Qxf5 h6 35. Ng3 Qb4 36. Rc7 Qxd4 37. Rxf7 Rg7 38. Qc8+ Rg8 39. Qc2 1-0

[Event "M.Chigorin Memorial 2014"]
[Site "St. Petersburg"]
[Date "2014.10.24"]
[Round "7.77"]
[White "Krapivin, Alexander"]
[Black "Tukubayev, K."]
[Result "1-0"]
[WhiteElo "2442"]
[BlackElo "2160"]
[PlyCount "113"]
[EventDate "2014.10.18"]

1. e4 e5 2. Nf3 Nf6 3. Nc3 Nc6 4. g3 Bb4 5. Bg2 O-O 6. O-O Bxc3 7. bxc3 Nxe4 8.
Nxe5 Nxe5 9. Bxe4 Ng6 10. Rb1 d5 11. Bg2 c6 12. Rb4 Re8 13. d3 Qf6 14. c4 a5
15. Bb2 Qd8 16. Ra4 dxc4 17. Rxc4 Be6 18. Rd4 Qc7 19. a4 f6 20. Bc3 Rad8 21.
Rxd8 Rxd8 22. Qe1 Bf7 23. Bxa5 b6 24. Bc3 Ra8 25. Qe4 Bd5 26. Qg4 Bxg2 27. Kxg2
Qf7 28. Qe4 Ne7 29. Re1 Qd5 30. Kf1 Qxe4 31. Rxe4 Kf7 32. Rc4 Ke6 33. Bd4 c5
34. Be3 Nc6 35. Bd2 Ne5 36. Re4 f5 37. Re1 Kd5 38. Bc3 Nc6 39. Rb1 Rxa4 40.
Rxb6 Ra2 41. Bb2 g6 42. Ke2 Ra7 43. Kd2 Kd6 44. Bc3 Re7 45. h4 Re6 46. Rb7 Re7
47. Rb6 Re6 48. Bg7 Re8 49. Bh6 Kc7 50. Rb5 Re2+ 51. Kxe2 Nd4+ 52. Ke3 Nxb5 53.
Bg7 Kd7 54. Be5 Ke6 55. c4 Na7 56. Bg7 Kf7 57. Bb2 1-0

[Event "M.Chigorin Memorial 2014"]
[Site "St. Petersburg"]
[Date "2014.10.24"]
[Round "7.78"]
[White "Pyatin, Alexander"]
[Black "Usmanov, Vasily"]
[Result "1/2-1/2"]
[WhiteElo "2142"]
[BlackElo "2427"]
[PlyCount "53"]
[EventDate "2014.10.18"]

1. e4 c5 2. Nf3 Nc6 3. d4 cxd4 4. Nxd4 Nf6 5. Nc3 d6 6. Bg5 Bd7 7. Qd2 Rc8 8.
f4 Nxd4 9. Qxd4 Qa5 10. e5 dxe5 11. fxe5 e6 12. O-O-O Bc6 13. Nb5 Bxb5 14. exf6
Bc6 15. h4 g6 16. Bc4 Bc5 17. Qe5 Bb6 18. Qe2 O-O 19. Bh6 Bxg2 20. Bxf8 Bxh1
21. Bxe6 Rxf8 22. Bxf7+ Rxf7 23. Qe8+ Rf8 24. Qe7 Rf7 25. Qe8+ Rf8 26. Qe7 Rf7
27. Qe8+ 1/2-1/2

[Event "M.Chigorin Memorial 2014"]
[Site "St. Petersburg"]
[Date "2014.10.24"]
[Round "7.79"]
[White "Manin, Viktor"]
[Black "Sarana, Alexey"]
[Result "0-1"]
[WhiteElo "2137"]
[BlackElo "2416"]
[PlyCount "106"]
[EventDate "2014.10.18"]

1. d4 g6 2. Nf3 Bg7 3. g3 Nf6 4. c4 c5 5. d5 b5 6. Nbd2 O-O 7. e4 d6 8. Bg2
bxc4 9. O-O Nbd7 10. Re1 Nb6 11. Qc2 a5 12. Nxc4 Nxc4 13. Qxc4 Nd7 14. Rb1 a4
15. Bd2 Qb6 16. Qc2 a3 17. Bc3 axb2 18. Rxb2 Qa7 19. Bxg7 Kxg7 20. e5 Qa5 21.
Qc1 Nb6 22. Nh4 Nc4 23. exd6 exd6 24. Rbe2 Ne5 25. Rd1 Qa3 26. Qa1 f6 27. Rde1
c4 28. Qd4 Rf7 29. Rc2 Rb8 30. f4 Nd3 31. Rd1 Rb4 32. Be4 Nc5 33. Bf3 Qa4 34.
Qc3 Qa7 35. Kg2 Ra4 36. Rdd2 Nd3 37. Re2 Rc7 38. Rcd2 Ra3 39. Qc2 Ba6 40. Be4
Nb4 41. Qb2 c3 42. Qxb4 cxd2 43. Rxd2 Rc1 44. Rf2 Rxa2 45. Rxa2 Bf1+ 46. Kf3
Qxa2 47. g4 Rc7 48. g5 Qxh2 49. gxf6+ Kh6 50. f7 Qh3+ 51. Kf2 Qxh4+ 52. Kxf1
Qxf4+ 53. Ke2 Rxf7 0-1

[Event "M.Chigorin Memorial 2014"]
[Site "St. Petersburg"]
[Date "2014.10.24"]
[Round "7.80"]
[White "Vastrukhin, Oleg"]
[Black "Dilmukhametov, Artur"]
[Result "1/2-1/2"]
[WhiteElo "2397"]
[BlackElo "2157"]
[PlyCount "83"]
[EventDate "2014.10.18"]

1. Nf3 d5 2. g3 Nf6 3. Bg2 c6 4. O-O Bg4 5. Ne5 Bh5 6. d4 Nbd7 7. c4 e6 8. Nc3
Nxe5 9. dxe5 Nd7 10. cxd5 cxd5 11. Qa4 a6 12. Rd1 b5 13. Qf4 Rc8 14. Be3 Rc4
15. Bd4 Bc5 16. Rac1 O-O 17. b3 Rxd4 18. Rxd4 Bxd4 19. Qxd4 Qb8 20. e4 Nxe5 21.
exd5 Rd8 22. Qh4 Nf3+ 23. Bxf3 Bxf3 24. dxe6 fxe6 25. Ne4 h6 26. Nc5 Qd6 27.
Qh3 Bd5 28. Nd3 e5 29. Rc8 Bb7 30. Rxd8+ Qxd8 31. Qe6+ Kh8 32. Qf5 Qd5 33. Kf1
Qd4 34. Ke2 Be4 35. Qc8+ Kh7 36. Qc2 Bg6 37. Qd2 Bh5+ 38. Ke1 Bg6 39. Ke2 Bh5+
40. Ke1 Bg6 41. Ke2 Bh5+ 42. Ke1 1/2-1/2

[Event "M.Chigorin Memorial 2014"]
[Site "St. Petersburg"]
[Date "2014.10.24"]
[Round "7.81"]
[White "Chashchev, Sergey"]
[Black "Puzko, Danila"]
[Result "1-0"]
[WhiteElo "2390"]
[BlackElo "2154"]
[PlyCount "85"]
[EventDate "2014.10.18"]

1. d4 Nf6 2. c4 g6 3. Nc3 Bg7 4. Nf3 O-O 5. Bf4 d6 6. h3 Nbd7 7. e3 c6 8. Be2
Re8 9. O-O a5 10. a3 Qb6 11. Rb1 e5 12. Bh2 exd4 13. exd4 d5 14. Re1 Nf8 15. c5
Qd8 16. Bd3 Rxe1+ 17. Qxe1 Ne6 18. Rd1 b5 19. Ne5 Bb7 20. Bb1 Nd7 21. b4 Nxd4
22. f4 Nxe5 23. fxe5 Ne6 24. Ne4 Qe7 25. Nd6 a4 26. Bg3 Bc8 27. Rd2 Nf8 28. Rf2
Be6 29. Rf3 Rd8 30. Bh4 g5 31. Bf2 Ng6 32. Bd4 Rf8 33. Rf6 Bd7 34. Qg3 g4 35.
Bf5 Nxe5 36. Qxe5 Bxf6 37. Qxe7 Bxe7 38. Bxd7 Bxd6 39. cxd6 Rd8 40. Bxc6 Rxd6
41. Bxb5 gxh3 42. gxh3 f5 43. Bd3 1-0

[Event "M.Chigorin Memorial 2014"]
[Site "St. Petersburg"]
[Date "2014.10.24"]
[Round "7.82"]
[White "Sergienko, Sergey"]
[Black "Mrykhin, Igor"]
[Result "1-0"]
[WhiteElo "2380"]
[BlackElo "2151"]
[PlyCount "153"]
[EventDate "2014.10.18"]

1. e4 c5 2. Nf3 Nc6 3. Bb5 g6 4. Bxc6 bxc6 5. O-O Bg7 6. Re1 f6 7. c3 Nh6 8. d4
cxd4 9. cxd4 O-O 10. Nc3 Nf7 11. b3 d6 12. Bb2 Bd7 13. Rc1 Rc8 14. Rc2 Rc7 15.
Qa1 Bg4 16. Nd2 e5 17. Nd1 Bc8 18. Ne3 Bb7 19. Bc3 Rd7 20. Nec4 Ba8 21. dxe5
Nxe5 22. Nxe5 dxe5 23. Nc4 Qe7 24. Rd2 Rxd2 25. Bxd2 c5 26. Qc3 Rd8 27. f3 f5
28. Qc2 fxe4 29. fxe4 Rd4 30. Bc3 Rd8 31. Qe2 Qg5 32. Nd2 Kh8 33. Nf3 Qe7 34.
Bd2 h6 35. Qc4 Kh7 36. Be3 Bf8 37. Rf1 Rd7 38. Rc1 Qd8 39. h3 Rd1+ 40. Rxd1
Qxd1+ 41. Kh2 Qd6 42. Qf7+ Bg7 43. Qxa7 Bxe4 44. Qxc5 Qa6 45. Qc4 Qb7 46. Qe2
Bd5 47. Nd2 Qc7 48. Nc4 e4+ 49. Kg1 Bf8 50. Bd4 Bb4 51. Qf2 Be7 52. Ne3 Be6 53.
Ng4 Bf5 54. Ne3 Be6 55. Nf1 h5 56. Qd2 g5 57. Qe3 Bd5 58. Ng3 Qc2 59. Qf2 Qc1+
60. Kh2 Qc8 61. Nxh5 Qc7+ 62. Kh1 Kg6 63. Ng3 Qc1+ 64. Qg1 Qf4 65. Ne2 Qd2 66.
Nc3 Bc6 67. Qe3 Qc2 68. Be5 Bf6 69. Bxf6 Kxf6 70. Kh2 Qd3 71. Qc5 Bd7 72. Nd5+
Kf7 73. Qe7+ Kg6 74. Qxd7 Qe2 75. Qe6+ Kg7 76. Ne7 Qxa2 77. Nf5+ 1-0

[Event "M.Chigorin Memorial 2014"]
[Site "St. Petersburg"]
[Date "2014.10.24"]
[Round "7.83"]
[White "Yandemirov, Valeri"]
[Black "Semenenko, Sergey"]
[Result "1-0"]
[WhiteElo "2375"]
[BlackElo "2130"]
[PlyCount "83"]
[EventDate "2014.10.18"]

1. Nf3 Nf6 2. g3 b6 3. Bg2 Bb7 4. O-O c5 5. c3 e6 6. d4 Be7 7. Re1 O-O 8. Bg5
d5 9. Ne5 Nbd7 10. Qa4 Nxe5 11. dxe5 Nd7 12. Bxe7 Qxe7 13. f4 f6 14. exf6 Nxf6
15. Nd2 e5 16. e4 exf4 17. exd5 Qf7 18. Qxf4 Bxd5 19. Bxd5 Nxd5 20. Qxf7+ Rxf7
21. Nc4 Rd7 22. a4 Nf6 23. Rad1 Rad8 24. Rxd7 Rxd7 25. Kg2 Kf8 26. Kf3 Rd5 27.
Re6 Kf7 28. Rc6 Ke7 29. Ne3 Rd7 30. a5 Rb7 31. axb6 axb6 32. Nf5+ Kd7 33. Rd6+
Kc7 34. Re6 Kd7 35. Re7+ Kc6 36. Rxb7 Kxb7 37. Nxg7 Ka6 38. Nf5 c4 39. g4 Ka5
40. g5 Nd7 41. h4 Ka4 42. Nd4 1-0

[Event "M.Chigorin Memorial 2014"]
[Site "St. Petersburg"]
[Date "2014.10.24"]
[Round "7.84"]
[White "Batyuk, Artem"]
[Black "Korchagina, Viktoria"]
[Result "1-0"]
[WhiteElo "2324"]
[BlackElo "2124"]
[PlyCount "57"]
[EventDate "2014.10.18"]

1. d4 Nf6 2. Nf3 g6 3. Bf4 d6 4. e3 Bg7 5. h3 O-O 6. Be2 c5 7. c3 b6 8. O-O Bb7
9. Nbd2 Nbd7 10. a4 a6 11. Bh2 Rc8 12. Qb3 Rc7 13. Rfd1 Qa8 14. Bf1 Rfc8 15.
Bc4 d5 16. Bf1 Rc6 17. Bb5 Ne4 18. Nxe4 dxe4 19. Bxc6 Bxc6 20. Ne5 Nxe5 21.
Bxe5 Bxe5 22. dxe5 Qb7 23. e6 f5 24. Rd7 Rc7 25. Rad1 Kg7 26. Rd8 f4 27. c4 f3
28. Qc3+ Kh6 29. Rg8 1-0

[Event "M.Chigorin Memorial 2014"]
[Site "St. Petersburg"]
[Date "2014.10.24"]
[Round "7.85"]
[White "Abramov, Nikita"]
[Black "Dyakonova, Ekaterina"]
[Result "1/2-1/2"]
[WhiteElo "2318"]
[BlackElo "2112"]
[PlyCount "89"]
[EventDate "2014.10.18"]

1. e4 c6 2. d4 d5 3. Nd2 dxe4 4. Nxe4 Bf5 5. Ng3 Bg6 6. h4 h6 7. Nf3 Nd7 8. h5
Bh7 9. Bd3 Bxd3 10. Qxd3 e6 11. Bd2 Ngf6 12. O-O-O Be7 13. Qe2 O-O 14. Nf1 c5
15. g4 Rc8 16. Ne3 Qb6 17. dxc5 Nxc5 18. Ne5 Nfe4 19. f4 Ng3 20. Qf3 Nxh1 21.
Rxh1 Bf6 22. g5 Bxe5 23. fxe5 Nd3+ 24. Kd1 Nxb2+ 25. Ke1 Qc6 26. Qxc6 Rxc6 27.
gxh6 f5 28. exf6 gxf6 29. Rg1+ Kh7 30. Rg7+ Kxh6 31. Rxb7 Na4 32. Rxa7 Nc5 33.
Nd5+ Kxh5 34. Ne7 Ra6 35. Rc7 Ne4 36. Be3 Rxa2 37. Rc6 e5 38. Rc4 f5 39. Ke2
Ng3+ 40. Kf3 f4 41. Rc5 Kh6 42. Rxe5 Ra3 43. Nd5 Nh5 44. Kg4 fxe3 45. Rxh5+
1/2-1/2

[Event "M.Chigorin Memorial 2014"]
[Site "St. Petersburg"]
[Date "2014.10.24"]
[Round "7.86"]
[White "Strugnell, Carl"]
[Black "Okun, Evgeny"]
[Result "0-1"]
[WhiteElo "2297"]
[BlackElo "2108"]
[PlyCount "50"]
[EventDate "2014.10.18"]

1. e4 c5 2. Nc3 g6 3. d4 cxd4 4. Qxd4 Nf6 5. Nf3 Nc6 6. Qa4 d6 7. e5 dxe5 8.
Nxe5 Bg7 9. Bb5 O-O 10. Bxc6 bxc6 11. O-O Nd5 12. Qxc6 Be6 13. Rd1 Rc8 14. Nxd5
Rxc6 15. Nxc6 Qa8 16. Ncxe7+ Kh8 17. c4 Qb7 18. c5 Bxd5 19. Nxd5 Rd8 20. Nc3
Rxd1+ 21. Nxd1 Qb4 22. Kf1 Qc4+ 23. Ke1 Qxc5 24. Be3 Bd4 25. Bxd4+ Qxd4 0-1

[Event "M.Chigorin Memorial 2014"]
[Site "St. Petersburg"]
[Date "2014.10.24"]
[Round "7.87"]
[White "Stetsko, Lanita"]
[Black "Belov, Nikita"]
[Result "1-0"]
[WhiteElo "2291"]
[BlackElo "2106"]
[PlyCount "77"]
[EventDate "2014.10.18"]

1. c4 Nf6 2. Nc3 g6 3. g3 Bg7 4. Bg2 d6 5. Nf3 O-O 6. O-O c6 7. d3 h6 8. Rb1
Nbd7 9. b4 Nh5 10. Bd2 e5 11. b5 Nc5 12. Ne4 Nxe4 13. dxe4 c5 14. Bc3 Be6 15.
Qd3 Qe7 16. Rfd1 Rad8 17. Nd2 f5 18. exf5 gxf5 19. e4 f4 20. Qe2 Qg5 21. Nf3
Qg4 22. h3 Qg6 23. Nh4 Qg5 24. Nf3 Qe7 25. g4 Nf6 26. Ba1 Nd7 27. Rbc1 Nb6 28.
Bf1 Bf6 29. Kh2 Rf7 30. a4 Nxa4 31. Qa2 Nb6 32. Qxa7 Qc7 33. Qa3 Ra8 34. Qd3
Ra2 35. Qxd6 Qc8 36. Nxe5 Rg7 37. Qxb6 Kh7 38. Nd3 Bxg4 39. Qxf6 1-0

[Event "M.Chigorin Memorial 2014"]
[Site "St. Petersburg"]
[Date "2014.10.24"]
[Round "7.88"]
[White "Palchun, Grigory"]
[Black "Gurvich, Vitaly"]
[Result "1-0"]
[WhiteElo "2284"]
[BlackElo "2106"]
[PlyCount "97"]
[EventDate "2014.10.18"]

1. d4 Nf6 2. Nf3 g6 3. Bf4 Bg7 4. e3 d6 5. h3 O-O 6. c4 c5 7. Nc3 Qa5 8. Qd2
cxd4 9. exd4 Nc6 10. d5 e5 11. Be3 Ne7 12. Nb5 Qd8 13. Nxa7 Bd7 14. Qb4 Nexd5
15. cxd5 Nxd5 16. Qxd6 Nxe3 17. fxe3 Rxa7 18. Bc4 e4 19. Nd4 Qa5+ 20. Ke2 Qg5
21. Rhf1 Bf5 22. Nxf5 gxf5 23. Qc5 Raa8 24. Rxf5 Qxg2+ 25. Rf2 Qg3 26. Qf5 Kh8
27. Bd5 Rad8 28. Bxe4 Qg6 29. Rg1 Qxf5 30. Rxf5 Rd6 31. Rb5 b6 32. Rc1 Rfd8 33.
Rc6 Rd2+ 34. Kf3 Rh2 35. Bf5 Bxb2 36. Rcxb6 Bg7 37. Rb8 Rhd2 38. a4 Bc3 39.
R8b7 Kg7 40. Be6 Rf8 41. Rf5 Bf6 42. Rf4 h5 43. a5 Kg6 44. Bc4 Rh2 45. Rb6
Rxh3+ 46. Kf2 Rd8 47. Rbxf6+ Kg5 48. R6f5+ Kh6 49. Rd4 1-0

[Event "M.Chigorin Memorial 2014"]
[Site "St. Petersburg"]
[Date "2014.10.24"]
[Round "7.89"]
[White "Ivanov, Rostislav"]
[Black "Ofitserian, Boris"]
[Result "1-0"]
[WhiteElo "2129"]
[BlackElo "2282"]
[PlyCount "59"]
[EventDate "2014.10.18"]

1. e4 c5 2. Nf3 d6 3. d4 cxd4 4. Nxd4 Nf6 5. Nc3 a6 6. Bg5 Nbd7 7. f4 Qc7 8.
Qd2 e6 9. Be2 b5 10. a3 Bb7 11. Bf3 Be7 12. O-O-O O-O 13. g4 h6 14. h4 Rfc8 15.
Bxf6 Nxf6 16. g5 Nd7 17. gxh6 Bf6 18. hxg7 Nb6 19. f5 Kh7 20. fxe6 fxe6 21. Qf4
Qe7 22. Qg4 Qxg7 23. Nxe6 Qxg4 24. Bxg4 Rc6 25. Ne2 Bc8 26. Rhf1 Bxe6 27. Bxe6
Kg7 28. Rg1+ Kf8 29. Nf4 Ke7 30. Bd5 1-0

[Event "M.Chigorin Memorial 2014"]
[Site "St. Petersburg"]
[Date "2014.10.24"]
[Round "7.90"]
[White "Shemeakin, Alexander"]
[Black "Sorokopudov, Vladimir M"]
[Result "1-0"]
[WhiteElo "2270"]
[BlackElo "2091"]
[PlyCount "61"]
[EventDate "2014.10.18"]

1. d4 d5 2. c4 c6 3. Nf3 Nf6 4. Nc3 a6 5. e3 b5 6. b3 Bg4 7. Be2 e6 8. O-O Nbd7
9. h3 Bh5 10. Bb2 Bd6 11. Ne5 Bxe2 12. Nxe2 Rc8 13. c5 Bb8 14. b4 O-O 15. a4
Nxe5 16. dxe5 Nd7 17. axb5 axb5 18. f4 f6 19. Nd4 Qe8 20. exf6 Nxf6 21. Nf3 Nd7
22. Qd4 Qg6 23. Ra6 e5 24. fxe5 Rxf3 25. Rxf3 Bxe5 26. Qd2 Qb1+ 27. Bc1 Nf6 28.
Rf1 Qg6 29. Qf2 Bc3 30. Qf4 Ne4 31. Rxc6 1-0

[Event "M.Chigorin Memorial 2014"]
[Site "St. Petersburg"]
[Date "2014.10.24"]
[Round "7.91"]
[White "Shpartko, Grigory"]
[Black "Molchanova, Tatjana"]
[Result "1/2-1/2"]
[WhiteElo "2094"]
[BlackElo "2265"]
[PlyCount "106"]
[EventDate "2014.10.18"]

1. g3 d5 2. Bg2 c6 3. c4 Nf6 4. b3 Bf5 5. Nf3 e6 6. O-O Nbd7 7. Bb2 h6 8. d3
Be7 9. Nbd2 a5 10. Re1 Bh7 11. e4 dxe4 12. dxe4 Nc5 13. Ne5 Nd3 14. Nxd3 Qxd3
15. e5 Nd7 16. Ne4 Bxe4 17. Bxe4 Qxd1 18. Raxd1 O-O-O 19. a3 Nc5 20. Bc2 Rxd1
21. Rxd1 Rd8 22. Rxd8+ Bxd8 23. b4 axb4 24. axb4 Na6 25. b5 cxb5 26. cxb5 Nc7
27. Ba3 Nxb5 28. Bf8 Nd4 29. Be4 f5 30. Bb1 g5 31. Bxh6 Kd7 32. Kg2 Be7 33. h3
b5 34. g4 fxg4 35. hxg4 Ne2 36. Kf3 Nf4 37. Ke4 Ke8 38. Kd4 Kf7 39. Bc2 Ng6 40.
Bd3 b4 41. Bc2 Nf4 42. Kc4 Nh3 43. f3 Nf4 44. Bb1 Ng6 45. Kd4 Nf4 46. Kc4 Nd5
47. Kd4 Nf4 48. Kc4 Nh3 49. Bd3 Bd8 50. Kxb4 Nf4 51. Kc4 Be7 52. Be4 Ng6 53.
Kd4 Nf4 1/2-1/2

[Event "M.Chigorin Memorial 2014"]
[Site "St. Petersburg"]
[Date "2014.10.24"]
[Round "7.92"]
[White "Melnikov, Dmitry"]
[Black "Alieva, Alexandra"]
[Result "1-0"]
[WhiteElo "2260"]
[BlackElo "2085"]
[PlyCount "63"]
[EventDate "2014.10.18"]

1. e4 c5 2. b3 e5 3. Bb2 Nc6 4. Bc4 Nf6 5. Nc3 Nxe4 6. Nxe4 d5 7. Bd3 dxe4 8.
Bxe4 Nd4 9. Nf3 Bd6 10. c3 Ne6 11. Qc2 g6 12. O-O-O f5 13. Bd5 e4 14. c4 Rf8
15. Rhe1 Qc7 16. d4 cxd4 17. Nxd4 Nxd4 18. Bxd4 Ba3+ 19. Kb1 Bd7 20. f3 O-O-O
21. fxe4 fxe4 22. Rxe4 Bf5 23. Be6+ Bxe6 24. Rxe6 Qxh2 25. c5 Qh5 26. Rd6 Qf5
27. Qxf5+ gxf5 28. Bf2 Rxd6 29. cxd6 Kd7 30. Bxa7 Rf6 31. Bb8 Rg6 32. Rd2 1-0

[Event "M.Chigorin Memorial 2014"]
[Site "St. Petersburg"]
[Date "2014.10.24"]
[Round "7.93"]
[White "Guzenko, Artem"]
[Black "Mezentsev, Ivan"]
[Result "1-0"]
[WhiteElo "2258"]
[BlackElo "2080"]
[PlyCount "73"]
[EventDate "2014.10.18"]

1. e4 e6 2. d4 d5 3. e5 c5 4. c3 Qb6 5. Nf3 Bd7 6. a3 cxd4 7. Nxd4 Ne7 8. Bd3
Nbc6 9. Nxc6 bxc6 10. O-O Ng6 11. Qe2 c5 12. c4 Be7 13. f4 O-O 14. Nc3 d4 15.
Ne4 Bc6 16. Rb1 Rab8 17. Rf3 Bxe4 18. Bxe4 f5 19. exf6 Rxf6 20. Rh3 Nf8 21. f5
Kh8 22. Bd3 Kg8 23. Bg5 Rf7 24. fxe6 Qxe6 25. Qxe6 Nxe6 26. Bxh7+ Kf8 27. Be4
Bxg5 28. Rh8+ Ke7 29. Rxb8 Be3+ 30. Kh1 Rf2 31. Rb7+ Kd6 32. b4 cxb4 33. axb4
Ke5 34. Bh7 Nf4 35. Rxa7 Ne2 36. Re1 Rf6 37. Rxg7 1-0

[Event "M.Chigorin Memorial 2014"]
[Site "St. Petersburg"]
[Date "2014.10.24"]
[Round "7.94"]
[White "Ganichev, Alexander"]
[Black "Androsov, Sergey"]
[Result "1-0"]
[WhiteElo "2247"]
[BlackElo "2059"]
[PlyCount "93"]
[EventDate "2014.10.18"]

1. e4 e5 2. Nf3 Nc6 3. Bb5 a6 4. Ba4 Nf6 5. Qe2 Bc5 6. c3 O-O 7. O-O b5 8. Bb3
d6 9. d3 h6 10. Rd1 Bb6 11. Nbd2 Rb8 12. Nf1 Ng4 13. d4 Qe8 14. h3 Nf6 15. Ng3
Na5 16. Bc2 Nc6 17. Be3 exd4 18. cxd4 Nb4 19. Bb1 Qe7 20. e5 Nbd5 21. a3 Nxe3
22. Qxe3 Nd5 23. Qe4 g6 24. Qxd5 Bb7 25. Qb3 Bxf3 26. Qxf3 dxe5 27. dxe5 Qxe5
28. Ba2 Qxb2 29. h4 Rbd8 30. Bd5 Kg7 31. Rab1 Qe5 32. Bb3 Rxd1+ 33. Rxd1 c5 34.
Qc6 c4 35. Qxb6 cxb3 36. Rb1 b2 37. Qc6 Rd8 38. Qc2 Kh7 39. Rxb2 Rd4 40. h5 Qd6
41. hxg6+ fxg6 42. Qb3 h5 43. Re2 Rd1+ 44. Nf1 Rd5 45. Ne3 Rd3 46. Qf7+ Kh6 47.
Nf5+ 1-0

[Event "M.Chigorin Memorial 2014"]
[Site "St. Petersburg"]
[Date "2014.10.24"]
[Round "7.95"]
[White "Belova, Olga"]
[Black "Kosarev, Aleksey"]
[Result "0-1"]
[WhiteElo "2080"]
[BlackElo "2237"]
[PlyCount "140"]
[EventDate "2014.10.18"]

1. d4 d5 2. Nc3 Nf6 3. Bg5 Nbd7 4. Nf3 c5 5. dxc5 h6 6. Bxf6 Nxf6 7. e3 e6 8.
Qd4 Bd7 9. Ne5 Qc8 10. Nd3 Be7 11. Be2 O-O 12. O-O Qc7 13. e4 dxe4 14. Nxe4
Nxe4 15. Qxe4 Rad8 16. b4 Bf6 17. Rab1 Bc6 18. Qe3 Bd5 19. a4 a5 20. b5 e5 21.
Qg3 Rfe8 22. b6 Qe7 23. Rb5 Ra8 24. Rbb1 Bc6 25. Nb2 Qxc5 26. Qb3 e4 27. Bc4
Re7 28. Nd1 Rd8 29. Ne3 Bg5 30. Rfe1 Kf8 31. Rbd1 Red7 32. Rxd7 Rxd7 33. h3 Bf6
34. c3 Be5 35. Rd1 Rxd1+ 36. Qxd1 Bf6 37. Qb3 Bg5 38. Nf1 e3 39. fxe3 Bxe3+ 40.
Kh1 Qf5 41. Nxe3 Qxh3+ 42. Kg1 Qxe3+ 43. Kh2 Qf4+ 44. Kg1 Qd2 45. Bf1 Qe3+ 46.
Kh1 Qf2 47. Qd1 Ke7 48. Qd3 Qxb6 49. Qg3 Bd5 50. Qe5+ Qe6 51. Qc7+ Kf6 52. Qf4+
Qf5 53. Qd6+ Qe6 54. Qf4+ Kg6 55. Bd3+ f5 56. Qg4+ Kf6 57. Qd4+ Qe5 58. Qh4+
Kf7 59. Qh5+ Kf8 60. Qh4 Kg8 61. Qh3 Be4 62. Bb5 Qf4 63. Bc4+ Kh7 64. Be6 Kg6
65. Bd7 Kg5 66. Bb5 Qh4 67. Qxh4+ Kxh4 68. Kh2 Kg4 69. g3 f4 70. gxf4 Kxf4 0-1

[Event "M.Chigorin Memorial 2014"]
[Site "St. Petersburg"]
[Date "2014.10.24"]
[Round "7.96"]
[White "Shapiro, David"]
[Black "Opanasenko, Mikhail"]
[Result "1-0"]
[WhiteElo "2236"]
[BlackElo "2048"]
[PlyCount "141"]
[EventDate "2014.10.18"]

1. Nf3 c5 2. e3 Nc6 3. b3 e5 4. e4 d6 5. Bb5 Nge7 6. Bb2 g6 7. O-O Bg7 8. c3
Qb6 9. Bxc6+ Nxc6 10. Na3 Bg4 11. Nc4 Qd8 12. h3 Bxf3 13. Qxf3 O-O 14. Qd3 b5
15. Ne3 a6 16. a4 b4 17. Nc4 Na5 18. cxb4 cxb4 19. Rac1 Nxc4 20. Rxc4 a5 21.
Rfc1 Qd7 22. Qd5 Ra7 23. d4 Rd8 24. Rd1 h5 25. Kf1 Kh7 26. dxe5 dxe5 27. Qxd7
Raxd7 28. Rxd7 Rxd7 29. Ke2 f6 30. Rc5 Bh6 31. Bc1 Bxc1 32. Rxc1 Rd4 33. f3 f5
34. exf5 gxf5 35. Rc5 e4 36. Rxf5 Kg6 37. Rxa5 Rd3 38. fxe4 Rxb3 39. Rb5 Rb2+
40. Kf3 b3 41. Rb6+ Kg7 42. Kg3 Kf7 43. a5 Ra2 44. Rxb3 Rxa5 45. Kh4 Re5 46.
Rb7+ Kg6 47. Rb6+ Kg7 48. Rd6 Rxe4+ 49. Kxh5 Re5+ 50. Kh4 Ra5 51. Rb6 Kh7 52.
g4 Ra3 53. g5 Kg7 54. Kg4 Ra4+ 55. Kh5 Ra7 56. h4 Rc7 57. Rb4 Ra7 58. Kg4 Ra1
59. h5 Ra7 60. h6+ Kh7 61. Kh5 Ra5 62. Rb7+ Kh8 63. Re7 Kg8 64. Kg6 Ra6+ 65.
Kf5 Ra5+ 66. Kf6 Ra6+ 67. Re6 Ra8 68. g6 Rf8+ 69. Kg5 Ra8 70. h7+ Kh8 71. Kh6
1-0

[Event "M.Chigorin Memorial 2014"]
[Site "St. Petersburg"]
[Date "2014.10.24"]
[Round "7.97"]
[White "Davydov, Sergey P"]
[Black "Lantini, Marco"]
[Result "1/2-1/2"]
[WhiteElo "2228"]
[BlackElo "2035"]
[PlyCount "91"]
[EventDate "2014.10.18"]

1. Nf3 d5 2. c4 d4 3. e4 Nc6 4. d3 e5 5. a3 a5 6. Be2 Bd6 7. O-O h6 8. Ne1 Nge7
9. Bg4 O-O 10. Nd2 Ng6 11. g3 Nce7 12. h4 Re8 13. h5 Nf8 14. b3 Be6 15. Bxe6
Nxe6 16. Rb1 c5 17. Nef3 Nc6 18. Nh4 Nf4 19. gxf4 Qxh4 20. f5 g6 21. Kg2 gxf5
22. Rh1 Qg4+ 23. Qxg4+ fxg4 24. Rh4 Kh7 25. Rxg4 Rg8 26. f3 Be7 27. Nf1 Bg5 28.
Ng3 Bxc1 29. Rxc1 Ne7 30. Kh3 Ra6 31. Rxg8 Kxg8 32. Nf1 Nc6 33. Kg4 f6 34. Nd2
Kf7 35. Kg3 Nd8 36. f4 Ne6 37. fxe5 fxe5 38. Nf3 Kf6 39. Rf1 Rb6 40. Nxd4+ Nf4
41. Nb5 Kg5 42. Kf3 Nxh5 43. Rg1+ Kh4 44. Rh1+ Kg5 45. Rg1+ Kh4 46. Rh1+
1/2-1/2

[Event "M.Chigorin Memorial 2014"]
[Site "St. Petersburg"]
[Date "2014.10.24"]
[Round "7.98"]
[White "Kolodkin, Daniil"]
[Black "Monin, Nikolay"]
[Result "1-0"]
[WhiteElo "2072"]
[BlackElo "2209"]
[PlyCount "91"]
[EventDate "2014.10.18"]

1. e4 e6 2. d4 d5 3. Nc3 Nf6 4. e5 Nfd7 5. f4 c5 6. Nf3 Nc6 7. Be3 Qb6 8. Na4
Qa5+ 9. c3 b6 10. Bd2 c4 11. b4 Qa6 12. Be2 Be7 13. O-O Nf8 14. Nb2 Bd7 15. a4
Qc8 16. Qc2 Ng6 17. g3 O-O 18. Ng5 f6 19. exf6 gxf6 20. Bh5 Be8 21. Nxe6 Qxe6
22. f5 Qe4 23. Qxe4 dxe4 24. fxg6 hxg6 25. Be2 Bf7 26. Bxc4 Bxc4 27. Nxc4 Rac8
28. Ne3 f5 29. Nd5 Rfd8 30. c4 Bf8 31. Bc3 Ne7 32. Nxe7+ Bxe7 33. c5 Bf6 34.
Rfd1 a5 35. Bb2 bxc5 36. bxc5 Rb8 37. Bc3 Rb3 38. Bxa5 Rxd4 39. c6 Rc4 40. Rac1
Bd4+ 41. Kg2 Rb2+ 42. Kh3 Rxc1 43. Rxc1 g5 44. c7 Kh7 45. Bc3 g4+ 46. Kh4 1-0

[Event "M.Chigorin Memorial 2014"]
[Site "St. Petersburg"]
[Date "2014.10.24"]
[Round "7.99"]
[White "Shemyakin, Valeriy"]
[Black "Bebchuk, Boris"]
[Result "1-0"]
[WhiteElo "2054"]
[BlackElo "2204"]
[PlyCount "107"]
[EventDate "2014.10.18"]

1. d4 Nf6 2. c4 e6 3. g3 Bb4+ 4. Bd2 Bxd2+ 5. Qxd2 O-O 6. Bg2 d6 7. e4 e5 8. d5
Nbd7 9. Nc3 a5 10. Nge2 Nc5 11. O-O a4 12. Qc2 Bd7 13. Nc1 g6 14. Nd3 b6 15. b4
axb3 16. axb3 Qe7 17. b4 Nxd3 18. Qxd3 Nh5 19. Qe2 Ng7 20. Qb2 f5 21. Rxa8 Rxa8
22. Ra1 Rf8 23. Ra7 Ne8 24. Bh3 Kg7 25. exf5 gxf5 26. f4 Rf6 27. Ne2 Rf7 28. c5
bxc5 29. bxc5 Nf6 30. fxe5 dxe5 31. d6 cxd6 32. c6 Qe6 33. cxd7 Nxd7 34. Bg2
Qc4 35. Rb7 Nc5 36. Rb4 Qa6 37. Qd2 h6 38. Bd5 Rf6 39. Rb8 Ne4 40. Qb2 Nc5 41.
Nf4 Kh7 42. Ra8 Na4 43. Rxa6 Nxb2 44. Ra7+ Kh8 45. Ra8+ Kh7 46. Bg8+ Kh8 47.
Nd5 Rg6 48. Bf7+ Kg7 49. Bxg6 Kxg6 50. Ra6 Nc4 51. Rc6 Nd2 52. Rxd6+ Kg5 53.
h4+ Kg4 54. Nf6+ 1-0